[Event "POL-chT3 0607"]
[Site "Poland"]
[Date "2007.01.14"]
[Round "5.2"]
[White "Romanowski, Filip"]
[Black "Gryniakow, Jaroslaw"]
[Result "0-1"]
[WhiteElo "1932"]
[BlackElo "2256"]
[PlyCount "102"]
[EventDate "2006.11.12"]
[EventType "team"]
[EventRounds "11"]
[EventCountry "POL"]
[SourceTitle "EXT 2009"]
[Source "ChessBase"]
[SourceDate "2008.11.26"]
[SourceVersion "1"]
[SourceVersionDate "2008.11.26"]
[SourceQuality "1"]

1. d4 g6 2. c4 Bg7 3. Nc3 d6 4. e4 Nc6 5. Nf3 Bg4 6. Be3 e5 7. d5 Nd4 8. Be2 Bxf3 9. Bxf3 Ne7 10. 0-0 0-0 11. b4 c5 12. dxc6 bxc6 13. c5 dxc5 14. bxc5 Qa5 15. Rc1 Rab8 16. Bxd4 exd4 17. Qa4 Qxa4 18. Nxa4 Rb4 19. Bd1 g5 20. Bb3 Ng6 21. g3 Re8 22. f3 Rd8 23. Rfd1 Ne5 24. f4 gxf4 25. gxf4 Ng4 26. Nb2 d3 27. Nc4 Bd4+ 28. Kg2 Nf2 29. Rd2 Nxe4 30. Rxd3 Nxc5 31. Rg3+ Kf8 32. Ne5 Nxb3 33. Rxb3 Rxb3 34. axb3 Bxe5 35. fxe5 Rd2+ 36. Kg3 Rd3+ 37. Kf4 Rxb3 38. Rxc6 Rb6 39. Rc8+ Kg7 40. Ra8 a6 41. Ra7 Kg6 42. Ra8 Rb4+ 43. Kf3 Ra4 44. Rg8+ Kf5 45. Rg7 Rf4+ 46. Ke3 Kxe5 47. Rxh7 a5 48. Rh8 Ra4 49. Rf8 Ra3+ 50. Kf2 f5 51. h4 Kf4 0-1

[Event "Chojnice op-A"]
[Site "Chojnice"]
[Date "2005.07.18"]
[Round "4"]
[White "Bugajski, Robert"]
[Black "Romanowski, Filip"]
[Result "1-0"]
[WhiteElo "2218"]
[BlackElo "2007"]
[PlyCount "65"]
[EventDate "2005.07.16"]
[EventType "swiss"]
[EventRounds "9"]
[EventCountry "POL"]
[SourceTitle "CBM 107 Extra"]
[Source "ChessBase"]
[SourceDate "2005.09.01"]
[SourceVersion "1"]
[SourceVersionDate "2005.09.01"]
[SourceQuality "1"]

1. Nf3 Nf6 2. g3 g6 3. Bg2 Bg7 4. 0-0 0-0 5. d4 d5 6. c4 c6 7. cxd5 cxd5 8. Nc3 Nc6 9. Ne5 Be6 10. Bf4 Nd7 11. Nxc6 bxc6 12. Qd2 Re8 13. Rfd1 f6 14. Rac1 Bf7 15. e4 Nb6 16. b3 dxe4 17. Bxe4 Nd5 18. Nxd5 Bxd5 19. Qd3 f5 20. Bxd5+ Qxd5 21. Rc5 Qd7 22. Qc4+ Kh8 23. Rxc6 e5 24. Rc7 Qd6 25. Qf7 Qf6 26. dxe5 Qxf7 27. Rxf7 Bxe5 28. Bxe5+ Rxe5 29. Rdd7 Re2 30. Rxh7+ Kg8 31. Rdg7+ Kf8 32. Rxa7 Kg8 33. Rxa8+ 1-0

[Event "POL-ch U16"]
[Site "Leba"]
[Date "2004.03.31"]
[Round "6"]
[White "Romanowski, Filip"]
[Black "Sanetra, Szymon"]
[Result "0-1"]
[WhiteElo "1939"]
[BlackElo "1918"]
[PlyCount "72"]
[EventDate "2004.03.27"]
[EventType "swiss"]
[EventRounds "11"]
[EventCountry "POL"]
[SourceTitle "EXT 2005"]
[Source "ChessBase"]
[SourceDate "2004.11.15"]
[SourceVersion "1"]
[SourceVersionDate "2004.11.15"]
[SourceQuality "1"]

1. d4 d5 2. c4 e6 3. Nc3 Nf6 4. Bg5 Nbd7 5. Nf3 c6 6. e3 Qa5 7. Qc2 Ne4 8. cxd5 exd5 9. a3 Bb4 10. Rc1 Bxc3+ 11. bxc3 Qxa3 12. Bd3 Ndf6 13. 0-0 0-0 14. c4 Nxg5 15. Nxg5 h6 16. Nf3 Qe7 17. cxd5 Nxd5 18. Bc4 Be6 19. Ne5 Rfc8 20. Bxd5 cxd5 21. Qb3 Rc7 22. Ra1 b6 23. Rfb1 Rac8 24. h3 Rc3 25. Qa4 R8c7 26. Ra2 Bf5 27. Rba1 f6 28. Nf3 Be4 29. Nd2 Kh7 30. Qb5 Rc1+ 31. Nf1 Qf7 32. Qb2 Qg6 33. g3 R1c2 34. Qb3 Qf5 35. Rxc2 Qf3 36. Qxd5 Qg2# 0-1

[Event "Ciechocinek KPZ-ch"]
[Site "Ciechocinek"]
[Date "2002.??.??"]
[Round "1"]
[White "Borchardt, Adam"]
[Black "Romanowski, Filip"]
[Result "0-1"]
[WhiteElo "2041"]
[BlackElo "1800"]
[PlyCount "161"]
[EventDate "2002.??.??"]
[EventType "swiss"]
[EventRounds "9"]
[EventCountry "POL"]
[SourceTitle "EXT 2007"]
[Source "ChessBase"]
[SourceDate "2006.11.23"]
[SourceVersion "1"]
[SourceVersionDate "2006.11.23"]
[SourceQuality "1"]

1. e4 d5 2. exd5 Qxd5 3. Nc3 Qa5 4. d4 Nf6 5. Nf3 Bf5 6. Bd3 Bg6 7. 0-0 c6 8. Re1 e6 9. Qe2 Nbd7 10. a3 Bd6 11. Bd2 Qc7 12. h3 0-0-0 13. b4 Nb6 14. Ne4 Nxe4 15. Bxe4 Nd5 16. c4 Nf6 17. Bb1 Bh5 18. Qe3 Rhe8 19. Ne5 Bg6 20. f4 Re7 21. a4 Bxe5 22. fxe5 Ng8 23. a5 Red7 24. Bc3 Ne7 25. Bxg6 hxg6 26. g4 Rh8 27. Kg2 Kb8 28. Reb1 a6 29. Rf1 Nc8 30. Ra2 Qd8 31. Raf2 Qe7 32. Rf3 Ka8 33. Qf2 Rf8 34. Qe1 f5 35. b5 Qg5 36. Bd2 Qd8 37. Bb4 Rh8 38. Bc5 Qg5 39. Qc1 Qh4 40. Qe1 Qg5 41. bxc6 bxc6 42. Qe2 fxg4 43. Rg3 gxh3+ 44. Kh2 Qh5 45. Qf3 Rc7 46. Rxh3 Qxf3 47. Rfxf3 Rxh3+ 48. Kxh3 Kb7 49. Kg4 Ne7 50. Bxe7 Rxe7 51. Kg5 Rd7 52. Rd3 c5 53. d5 exd5 54. cxd5 c4 55. Rd1 c3 56. d6 Kc6 57. Kxg6 c2 58. Re1 Kd5 59. Kf5 Rb7 60. Rc1 Rf7+ 61. Kg6 Ke6 62. Rxc2 Rf1 63. Kxg7 Kxe5 64. Rd2 Ke6 65. Rb2 Rf5 66. Rd2 Kd7 67. Kg6 Rxa5 68. Kf6 Rc5 69. Ra2 a5 70. Ra4 Kxd6 71. Ra1 Kc6 72. Ke6 Kb5 73. Kd6 Rc4 74. Kd5 Rc2 75. Kd4 Kb4 76. Kd3 Rh2 77. Rb1+ Ka3 78. Kc3 Ka2 79. Rb8 a4 80. Rb7 a3 81. Rb6 0-1

[Event "Ciechocinek KPZ-ch"]
[Site "Ciechocinek"]
[Date "2002.??.??"]
[Round "9"]
[White "Konieczynski, Piotr"]
[Black "Romanowski, Filip"]
[Result "1-0"]
[WhiteElo "1800"]
[BlackElo "1800"]
[PlyCount "157"]
[EventDate "2002.??.??"]
[EventType "swiss"]
[EventRounds "9"]
[EventCountry "POL"]
[SourceTitle "EXT 2007"]
[Source "ChessBase"]
[SourceDate "2006.11.23"]
[SourceVersion "1"]
[SourceVersionDate "2006.11.23"]
[SourceQuality "1"]

1. d4 d5 2. Nf3 Nf6 3. c4 e6 4. Nc3 Nbd7 5. Bf4 c6 6. e3 Be7 7. Bd3 Nh5 8. Bg3 Nxg3 9. hxg3 Nf6 10. Qe2 Qa5 11. 0-0 0-0 12. a3 dxc4 13. Bxc4 c5 14. dxc5 Qxc5 15. Rfd1 b6 16. b4 Qh5 17. Nd4 Ng4 18. Nf3 Bb7 19. e4 Bf6 20. Rac1 Rfd8 21. Nb5 Bg5 22. Rxd8+ Rxd8 23. Rc3 a6 24. Nc7 b5 25. Bb3 Rd2 26. Qe1 Nxf2 27. Nxd2 Ng4 28. Nf3 Bf6 29. Rd3 h6 30. Rd7 Bc6 31. Rd3 Bb7 32. Rd6 Bb2 33. Nxa6 Bxa6 34. Rxa6 Bd4+ 35. Nxd4 Qh2+ 36. Kf1 Qh1+ 37. Ke2 Qxg2+ 38. Kd1 Qb2 39. Qd2 Qb1+ 40. Qc1 Qd3+ 41. Ke1 Qxd4 42. Qc2 Qe3+ 43. Qe2 Qxg3+ 44. Kd2 Qxb3 45. Qxg4 Qb2+ 46. Kd3 Qb3+ 47. Ke2 Qc2+ 48. Ke1 Qc1+ 49. Qd1 Qe3+ 50. Kf1 Qf4+ 51. Ke2 Qxe4+ 52. Kd2 Qd5+ 53. Kc1 Qc4+ 54. Kb2 Qf4 55. Ra8+ Kh7 56. Qc2+ f5 57. Rc8 Qd4+ 58. Ka2 Qd5+ 59. Kb1 Qh1+ 60. Kb2 Qd5 61. Rc5 Qd4+ 62. Ka2 g5 63. Qb3 Qd2+ 64. Rc2 Qd5 65. Qxd5 exd5 66. Kb1 f4 67. Kc1 f3 68. Kd1 g4 69. Ke1 h5 70. Rd2 Kg6 71. Rxd5 h4 72. Kf2 h3 73. Kg3 h2 74. Kxh2 f2 75. Kg2 g3 76. Rxb5 Kf6 77. Rd5 Ke6 78. Rd1 Ke5 79. Kxg3 1-0